000
00307nam a22001457a 4500
008
210311b ||||| |||| 00| 0 eng d
020
_a
9780838419021
041
_a
eng
080
_a
82
082
_a
82
100
_a
21
101
_a
GJL
245
_a
More Grammar Practice
_c
Cindy, L
942
_2
udc
_c
BK
999
_c
56288
_d
56288